<?xml version="1.0" encoding="UTF-8"?>
<collection xmlns="http://www.loc.gov/MARC21/slim">
 <record>
  <leader>00310pamaa2200133   4500</leader>
  <controlfield tag="001">0000020477</controlfield>
  <controlfield tag="005">20070110090000.0</controlfield>
  <datafield tag="020" ind1="0" ind2="0">
   <subfield code="a">043400443X </subfield>
  </datafield>
  <datafield tag="090" ind1="0" ind2="0">
   <subfield code="a">PR6053.A719 </subfield>
   <subfield code="b">CAR 1997</subfield>
  </datafield>
  <datafield tag="100" ind1="1" ind2="0">
   <subfield code="a">CARSON </subfield>
  </datafield>
  <datafield tag="245" ind1="1" ind2="0">
   <subfield code="a">Scalpel  </subfield>
   <subfield code="c">Paul Carson.</subfield>
  </datafield>
  <datafield tag="260" ind1="0" ind2="0">
   <subfield code="a">London: </subfield>
   <subfield code="b">Heinemann, </subfield>
   <subfield code="c">1997.</subfield>
  </datafield>
  <datafield tag="300" ind1=" " ind2=" ">
   <subfield code="a">423p.; </subfield>
   <subfield code="c">21cm.</subfield>
  </datafield>
  <datafield tag="650" ind1="0" ind2="0">
   <subfield code="a">Fiction </subfield>
  </datafield>
 </record>
</collection>
